000 00491nam a2200193Ia 4500
003 OSt
005 20231219141756.0
008 210210b1921 xxu||||| |||| 00| 0 eng d
040 _cAl
041 _aKannada
082 _a851/509
100 _aSOMARAJA ಸೋಮರಾಜ
_9146359
245 _aUdbhata kavyam
_bಉದ್ಭಟ ಕಾವ್ಯo
260 _aMaisuru
_b-
_c1921
650 _akavyam
_9146360
690 _aKannada Poetry
_9146361
906 _a018526
942 _2ddc
_cBK
999 _c142033
_d142033